| 000 | 01112nam a2200277 i 4500 | ||
|---|---|---|---|
| 001 | 193635 | ||
| 003 | ES-MaACL | ||
| 005 | 20250827211854.0 | ||
| 007 | ta | ||
| 008 | 240131s1999 sp | |||| 000 spa | ||
| 040 | _aEs-MaACL | ||
| 100 | 1 |
_aJarandilla, Susana _eaut _9234987 |
|
| 245 | 1 | 0 |
_aCarlos París: "Las subvenciones que nos dan no condicionan nuestra independencia" : _bel presidente del Ateneo de Madrid apuesta por una institución viva y dinámica / _cSusana Jarandilla |
| 264 | 1 |
_a[Madrid] : _bLa Razón, _c1999 |
|
| 300 |
_a1 página : _b1 ilustración ; _c30 cm |
||
| 336 |
_aTexto _2rdacontent |
||
| 337 |
_asin mediación _2rdamedia |
||
| 338 |
_avolumen _2rdacarrier |
||
| 500 | _aFotocopia del artículo de Susana Jarandilla sobre el Ateneo de Madrid y su presidente Carlos París, publicado en "La Razón", 7 de marzo de 1999 | ||
| 600 | 1 | 7 |
_aParís, Carlos, _d1925-2014 _2embne _989133 |
| 610 | 2 | 4 |
_aAteneo de Madrid- _vHistoria _91925 |
| 655 | 4 |
_aArtículos _9175745 |
|
| 852 | 4 |
_aES-MaACL _cDEPOF _j2347-F- 12 _9201139 |
|
| 942 |
_2udc _cART_PRENSA _n0 |
||
| 999 |
_c193635 _d193635 |
||